000 00382nam a2200133 i 4500
001 bg
245 0 _aRachunek kosztów i wyników w zarządzaniu przedsiębiorstwem transportu samochodowego /
_cpod red. K.Sawickiego.
260 _aWarszawa,
_c1979.
650 9 _aTransport
_xekonomika
040 _cBPK
041 _apol
942 _cKS
008 s pl f |000 0 pol
999 _c19031
_d19031
856 _uhttp://koha.tu.koszalin.pl/cgi-bin/koha/opac-detail.pl?biblionumber=19031
_yKatalog online BPK